| 000 | 00342nam a22001337a 4500 | ||
|---|---|---|---|
| 020 | _a0720405564 | ||
| 082 | _a334.683095694 BAR | ||
| 100 | _aBarkai, Haim | ||
| 245 | _aGrowth patterns of the kibbutz economy | ||
| 260 |
_aLondon _bNorth-Holland publishing _c1977 |
||
| 300 |
_aix, 298p. _bill, 24cm. |
||
| 500 | _aInclude index | ||
| 942 | _cBK | ||
| 999 |
_c15728 _d15728 |
||